Регионална библиотека "Любен Каравелов" - Русе

Арчи има рожден ден (Запис номер 455747)

MARC детайли
000 -Лидер
Лидер 01247nam a2200301 a 4500
003 - Код на организацията, давaща контролен номер
Код на организацията, даваща контролен номер BLK
005 - Дата и час на последна редакция
Дата и час на последна редакция 20250611115214.0
008 - Елементи от данни с фиксирана дължина
Елементи с фиксирана дължина 180409b bul|||||r ||||||| ||bul||
020 ## - Международен стандартен номер на книга ISBN
ISBN 9786191996520
020 ## - Международен стандартен номер на книга ISBN
ISBN 3800083829225!
Коментар към ISBN отпеч.
040 ## - Източник на каталожния запис
Код на библиотеката BLK
041 ## - Код за език
Език Български
Език за КДБФ Български
080 ## - УДК
УДК текст Белгийска литература
УДК код 821.133.1(493)
УДК – определител -93-34
УДК – код + определител 821.133.1(493)-93-34
084 ## - Класификационен индекс по друга класификация
Авторски знак Ар - А 80
245 10 - Сведения за заглавието
Заглавие Арчи има рожден ден
Авторска отговорност ил. Сара Санчес; прев. от фр. Веселина Тонева.
257 ## - Страна на издаване
Страна на създаване/издаване Канада
260 ## - Област на издателските данни
Място на издаване София
Име на издателя Фют
Година на издаване 2021
Печатница Китай
300 ## - Физическа характеристика
Брой страници [10] с.
Илюстрации с цв. ил.
Размер 18x18 см
380 ## - Жанр
Жанр Детска худож. лит.
500 ## - Общи забележки
Обща забележка Кор. опис. - Ориг. загл.: Arthur fête son anniversaire. - Кн. отпеч. на ламиниран картон.
700 ## - Други автори (авторска отговорност)
Друг автор Тонева, Веселина Костадинова
Авт. отговорност на др. автор прев. от фр.
9 (RLIN) 1177
700 ## - Други автори (авторска отговорност)
Друг автор Санчес, Сара
Авт. отговорност на др. автор ил.
9 (RLIN) 474393
852 ## - Местоположение
Сигнатура (форматна) Цб I 41086
Отдел Хранилище
Систематично-азбучна сигнатура 821-93/А 80
942 ## - АРТИКУЛИ
Вид на библиотечния документ Книги
Скрит в OPAC Не
Периодичен библиозапис Да
Koha issues (borrowed), all copies 11
944 ## - СЪЗДАВАНЕ И РЕДАКЦИЯ на ЗАПИСА
Създаване/Редакция Създаване
Дата на регистрацията/редакция 2022-05-13
Служител, извършил регистрацията/редакцията 30551
Номер на служител Бояна Костадинова
944 ## - СЪЗДАВАНЕ И РЕДАКЦИЯ на ЗАПИСА
Създаване/Редакция Редакция
Дата на регистрацията/редакция 2023-12-28
Служител, извършил регистрацията/редакцията Севдалина Тодорова
999 ## - СИСТЕМНИ КОНТРОЛНИ НОМЕРА
Koha biblionumber 455747
Koha biblioitemnumber 455747
Наличности
Код за отписване Код за изгубен артикул Източник на класификационната схема Код за повреда Коз за рестрикции Код за отдаване Артикулен № Име на библиотеката - собственик Име на библиотеката, в която се намира в момента Статус (Текущо местоположение) Дата на вписване в системата Местоположение - отдел Цена в лева Систематично азбучна сигнатура Баркод Цена в евро Служебен тип на артикула Инвентарен номер
  Не е изгубен Universal Decimal Classification Не е повреден само за читалня ползва се в читалня 884405 Регионална библиотека "Любен Каравелов" Русе Регионална библиотека "Любен Каравелов" Русе Хранилище 2022-05-16 Хранилище 12.90 Цб І 41086 120000872520 6.60 Книги  
  Не е изгубен Universal Decimal Classification Не е повреден   заемане за дома 938201 Регионална библиотека "Любен Каравелов" Русе Регионална библиотека "Любен Каравелов" Русе Детски отдел 2024-01-03 Детски отдел 12.90 821-93/А 80 120000897327 6.60 Книги 120000897327
Vip Innovations Ltd, Rousse, Bulgaria 2025